Le sujet est la clairière de son corps
Zapisane w:
| Główni autorzy: | , |
|---|---|
| Format: | Książka |
| Język: | francuski |
| Wydane: |
Maeght
1975
|
| Seria: | Collection Argile
|
| Hasła przedmiotowe: | |
| Etykiety: |
Dodaj etykietę
Nie ma etykietki, Dołącz pierwszą etykiete!
|
MARC
| LEADER | 00000cam a2200000 a 4500 | ||
|---|---|---|---|
| 001 | UCG9715 | ||
| 003 | CL-VaPUC | ||
| 008 | 120330e19750000FR |||||||||||||||||fre|d | ||
| 082 | 0 | 4 | |a 841 |b RAC |2 21 |
| 100 | 0 | |a Racine, Charles |e author |9 561358 | |
| 700 | 0 | |a Chillida, Eduardo |e author |9 451528 | |
| 245 | 1 | 3 | |a Le sujet est la clairière de son corps |
| 300 | |a pág. irreg | ||
| 942 | |c BK | ||
| 945 | |d 20120330 00:00:00 |a dcastane | ||
| 260 | |b Maeght |c 1975 | ||
| 650 | 0 | |a Poesías francesas |9 265467 | |
| 650 | 0 | |a Literatura francesa |9 266330 | |
| 583 | |a last modification |c 20120330 10:33:00 |k Rodrigo Vera | ||
| 490 | 0 | |a Collection Argile | |
| 999 | |c 347261 |d 347259 | ||
| 952 | |0 0 |1 0 |4 0 |6 841_000000000000000_RAC_1975 |7 0 |8 A |9 448494 |a BIBART |b BIBART |d 2019-11-22 |i 4806964 |o 841 RAC 1975 |p 4806964 |r 2025-03-13 |w 2019-11-22 |y BK |k ART | ||